Іванів вогонь (Запис № 17566)

000 -Маркер запису
Контрольне поле сталої довжини 01829nam a22002537a 4500
003 - Належність контрольного номера
Контрольне поле Uzh_bibl
008 - Кодовані дані
Контрольне поле сталої довжини 260429b |||||||| |||| 00| 0 ukr d
020 ## - Індекс ISBN
Ціна 0.65
040 ## - Джерело каталогіз.
Служба первин.кат. укр.
041 ## - Код мови видання
Код мови оригіналу українська
Код мови тексту українська
080 ## - Індекс УДК
Індекс УДК 821(477)
090 ## - Шифри
Поличний індекс 821(477)
Авторський знак М 99
100 ## - Автор
Автор М'ястківський, Андрій
245 ## - Назва
Назва Іванів вогонь
Фізичний носій Текст
260 ## - Вихідні дані
Місце видання Київ
Видавництво Радянський письменник
Дата видання 1983
300 ## - Фізичний опис
Обсяг 134 с.
Тип одиниці В опр.
520 ## - Анотація
Анотація У новій збірці українського радянського поета – солдатська лірика. Поет згадує важкі фронтові дороги, побратимів по зброї, оспівує перемогу нашого народу у Дргій світовій війні. Любов до Батьківщини, відчуття нерозривних зв’язків минулого і сучасного, невмирущість подвигу радянських воїнів-визволителів – лейтмотив цієї книжки.<br/>В окремих розділах представлені вірші про рідний Київ, про Молдавію.
521 ## - Примітка про цільове призначення
Примітка про цільове призначення Для широкого кола читачів
546 ## - Примітка про мову
Примітка про мову укр.
650 ## - Тематичні рубрики
Основна рубрика Літературно-художнє видання
Хронологічна підрубрика Період Друга світова війна та післявоєнні роки (спогади)
Географічна підрубрика Фронтові дороги, Україна (зокрема Київ), Молдавія
653 ## - Ключові слова
Ключові слова Війна
-- Пам’ять
-- Перемога
-- Батьківщина
-- Побратими
655 ## - Термін індексування — жанр/форма
Жанр/форма Поезія (солдатська, воєнно-патріотична лірика)
Типове ділення Поезії
942 ## - ADDED ENTRY ELEMENTS (KOHA)
Джерело класифікації чи схема поличного розташування
Koha item type Книги
Фонди
Статус вилучення Статус втрати/відсутності Джерело класифікації чи схема поличного розташування Статус пошкодження Тип обігу (не для випозичання) Постійне розташування Поточне розташування Розташування у відділі Дата надходження Інвентарний номер Total Checkouts Повний (примірниковий) шифр зберігання Штрих-код Date last seen Дата, для якої чинна ціна заміни Тип одиниці (рівень примірника)
          Публічна бібліотека Публічна бібліотека Абонемент 29/04/2026 15575   821(477) 20331 29/04/2026 29/04/2026 Книги

Працює на АБІС Коха